Long strip copper roofing (Record no. 95339)

MARC details
000 -LEADER
fixed length control field 00469cam a2200193 4500
001 - CONTROL NUMBER
control field D2775
008 - FIXED-LENGTH DATA ELEMENTS--GENERAL INFORMATION
fixed length control field 090401t1973 xxu||||| |||| 00| 0 eng d
035 ## - SYSTEM CONTROL NUMBER
System control number (Sirsi) u70545
041 ## - LANGUAGE CODE
Language code of text/sound track or separate title eng
050 ## - LIBRARY OF CONGRESS CALL NUMBER
Classification number 695.43
110 ## - MAIN ENTRY--CORPORATE NAME
Corporate name or jurisdiction name as entry element Copper Development Association
9 (RLIN) 216
245 ## - TITLE STATEMENT
Title Long strip copper roofing
260 ## - PUBLICATION, DISTRIBUTION, ETC.
Place of publication, distribution, etc. Potters Bar, Herts
Name of publisher, distributor, etc. CDA
Date of publication, distribution, etc. 1973
300 ## - PHYSICAL DESCRIPTION
Extent 24p. ill. 30cm
350 ## - PRICE (NR) (BK AM CF MU VM SE) [OBSOLETE]
Price 0
490 ## - SERIES STATEMENT
Series statement Technical Note
Volume/sequential designation 17
942 ## - ADDED ENTRY ELEMENTS (KOHA)
Suppress in OPAC 0
948 ## - LOCAL PROCESSING INFORMATION (OCLC); SERIES PART DESIGNATOR (RLIN)
c (OCLC) 04/03/1997
Holdings
Withdrawn status Lost status Source of classification or shelving scheme Damaged status Not for loan Home library Current library Shelving location Date acquired Total Checkouts Full call number Barcode Date last seen Date last checked out Copy number Price effective from Koha item type
    Dewey Decimal Classification     London London Basement 10/08/1995 2 BASEMENT 30021598 06/08/2019 02/02/2006 1 06/08/2019 Book